LEADER 02015nam0 2200445 i 450 001 UBO0308660 005 20251003044419.0 010 $a8815067396 020 $aIT$b99-10210 100 $a20001121d1998 ||||0itac50 ba 101 | $aita 102 $ait 181 1$6z01$ai $bxxxe 182 1$6z01$ay 200 1 $aScelte di economia aziendale$emodelli, esercizi e simulazioni$fSusanna Di Martino, Cinzia Parolini 210 $aBologna$cIl mulino$d[1998! 215 $a220 p.$d24 cm$e1 floppy disk. 225 | $aStrumenti$i. Economia 410 0$1001CFI0011208$12001 $aStrumenti$i. Economia 606 $aAziende$xEconomia$2FIR$3CFIC009303$9E 676 $a338$9PRODUZIONE$v14 676 $a338$9PRODUZIONE$v21 676 $a338.5$9ECONOMIA GENERALE DELLA PRODUZIONE$v20 686 $aHD 30.22$c$2C 696 $aImprese$aEconomia reale$aAttivitą economiche$aAspetti economici 699 $aAziende$yImprese 699 $aEconomia$yEconomia reale 699 $aEconomia$zAttivitą economiche 699 $aEconomia$zAspetti economici 700 1$aDi Martino$b, Susanna$3MILV192299$4070$0361429 701 1$aParolini$b, Cinzia$f <1959- >$3CFIV111493$4070$088809 801 3$aIT$bIT-000000$c20001121 850 $aIT-BN0095 $aIT-NA0452 901 $bNAP IS$cISFSE $nSezione di materie economiche e sociali dell' ex Istituto sulle strutture finanziarie e lo sviluppo economico 901 $bNAP 01$cPOZZO LIB.$nVi sono collocati fondi di economia, periodici di ingegneria e scienze, periodici di economia e statistica e altri fondi comprendenti documenti di economia pervenuti in dono. 912 $aUBO0308660 950 0$aBiblioteca Centralizzata di Ateneo$c1 v.$d 01POZZO LIB.ECON MON 1319$e 0101 0000007815E VMA 1 v. (stampa 2003. - Precedente collocazione: DASES B 347)$fB $h20080625$i20080625 977 $a 01$a IS 996 $aScelte di economia aziendale$967939 997 $aUNISANNIO